[Event "Gibraltar Masters 2019"]
[Site "Caleta ENG"]
[Date "2019.01.31"]
[Round "10.37"]
[White "Cornette,M"]
[Black "Kozak,Adam"]
[Result "0-1"]
[WhiteElo "2587"]
[BlackElo "2425"]

1.e4 e5 2.Nf3 Nc6 3.Nc3 Nf6 4.Bb5 Bc5 5.O-O O-O 6.Nxe5 Nxe5 7.d4 Bd6 8.dxe5 Bxe5
9.Bd3 c6 10.Ne2 d5 11.f4 Bc7 12.e5 Bb6+ 13.Kh1 Ne4 14.Qe1 f6 15.f5 fxe5 16.Bxe4 dxe4
17.Ng3 h5 18.Qxe4 h4 19.Qc4+ Rf7 20.Ne4 Qd5 21.Qxd5 cxd5 22.Nd6 Rd7 23.Nb5 Rf7
24.Nd6 Rf6 25.Nxc8 Rxc8 26.c3 Rcf8 27.Bg5 Rxf5 28.Rxf5 Rxf5 29.Bxh4 e4 30.Re1 Bf2
31.Rf1 e3 32.Bxf2 Rxf2 33.Re1 Rxb2 34.Kg1 Rxa2 35.Rxe3 Kf7 36.Rf3+ Ke6 37.Rg3 Kf6
38.Rf3+ Ke6 39.Rg3 Kf6 40.Rf3+ Ke5 41.Rf7 Rb2 42.Rxg7 a5 43.Rg8 Rb6 44.Re8+ Kd6
45.Re1 a4 46.Ra1 Ra6 47.h4 b5 48.Kf2 d4 49.Ke2 dxc3 50.Kd3 b4 51.Kc4 c2 52.Kxb4 Rb6+  0-1

[Event "Gibraltar Masters 2019"]
[Site "Caleta ENG"]
[Date "2019.01.31"]
[Round "10.36"]
[White "Maze,S"]
[Black "Tomazini,Z"]
[Result "1-0"]
[WhiteElo "2596"]
[BlackElo "2439"]

1.e4 c5 2.Nc3 a6 3.g3 b5 4.Bg2 Bb7 5.d3 d6 6.Nh3 Nc6 7.O-O g6 8.f4 Bg7 9.g4 Nd4
10.Nd5 h5 11.Ne3 hxg4 12.Nxg4 Qd7 13.c3 Nc6 14.Be3 Nf6 15.Ngf2 e5 16.Ng5 Qe7
17.a4 exf4 18.Bxf4 Nh5 19.Bd2 Bh6 20.axb5 axb5 21.Rxa8+ Bxa8 22.Nf3 Bf4 23.Nh3 Bxd2
24.Qxd2 Bb7 25.d4 f6 26.Qe2 g5 27.d5 g4 28.dxc6 Bxc6 29.Nd4 gxh3 30.Nxc6 Qb7
31.Bf3 Nf4 32.Qd2 Qg7+ 33.Kh1 Qg5 34.Rg1 Qh4 35.Qxd6  1-0

[Event "Gibraltar Masters 2019"]
[Site "Caleta ENG"]
[Date "2019.01.31"]
[Round "10.35"]
[White "Papp,Ga"]
[Black "Javakhishvili,L"]
[Result "0-1"]
[WhiteElo "2603"]
[BlackElo "2452"]

1.e4 c5 2.Nf3 e6 3.d4 cxd4 4.Nxd4 Nc6 5.Nc3 Qc7 6.Be3 a6 7.a3 Be7 8.Nxc6 bxc6
9.f4 Nf6 10.Bd3 d5 11.e5 Nd7 12.Na4 c5 13.c4 d4 14.Bd2 Bb7 15.Rg1 g5 16.Qh5 gxf4
17.Bxf4 Qa5+ 18.Bd2 Qxa4 19.Rf1 O-O-O 20.Rxf7 Rde8 21.Rxh7 Rhf8 22.Rg7 Bd8
23.Ke2 Rh8 24.Rh7 Rxh7 25.Qxe8 Rxh2 26.Rg1 Qc6 27.Kd1 Nxe5  0-1

[Event "Gibraltar Masters 2019"]
[Site "Caleta ENG"]
[Date "2019.01.31"]
[Round "10.34"]
[White "Vega Gutierrez,S"]
[Black "Werle,J"]
[Result "1/2-1/2"]
[WhiteElo "2390"]
[BlackElo "2541"]

1.e4 e6 2.d4 d5 3.Nc3 Nf6 4.Bg5 dxe4 5.Nxe4 Nbd7 6.Nf3 h6 7.Nxf6+ Nxf6 8.Bh4 Be7
9.Bd3 c5 10.Qe2 Qa5+ 11.c3 cxd4 12.Nxd4 O-O 13.O-O Re8 14.Rfe1 a6 15.Bc2 Qh5
16.Nf5 Qxe2 17.Nxe7+ Rxe7 18.Rxe2 Bd7 19.Rd1 g5 20.Bg3 Bc6 21.Red2 e5 22.f3 e4
23.Rd8+ Rxd8 24.Rxd8+ Kg7 25.fxe4 Nxe4 26.Bxe4 Rxe4 27.Kf2 h5 28.Bc7 h4 29.g3 h3
30.Rd4 Re7 31.Bd8 Re5 32.g4 f6 33.Bc7 Re7 34.Bd8 Re6 35.Bc7 Kg6 36.Rd6 Re4
37.Rd4 Re7 38.Bd8 Re6 39.Bc7 Bb5 40.c4 Bc6 41.b3 Re8 42.a4 Be4 43.a5 Re7
44.Bd8 Re6 45.Bc7 Bc6 46.b4 Ba4 47.Bd8 Kf7 48.Bc7 Bc6 49.Bd8 Ke8 50.Bc7 Bd7
51.Bd6 Kd8 52.Bc5 Ke8 53.Rd6 Rxd6 54.Bxd6 Bxg4 55.b5 Bc8 56.bxa6 bxa6 57.Kg3 Kf7
58.Bc7 Ke7 59.Bb6 Be6 60.Bd4 Kf7 61.Bb6 Kg6 62.Bd8 Bf5 63.c5 Kf7 64.c6 Ke6
65.Bc7 Kd5 66.Bd8 Ke5 67.Bc7+ Kd5 68.Bd8 Ke6 69.Bc7 Ke7 70.Bb6 Bc8 71.Bc7 Kf7
72.Bb6 Kg6 73.Bd8 Be6 74.Be7 Bd5 75.Kxh3 Bxc6 76.Kg3 f5 77.Bd8 Kh5 78.Be7 f4+
79.Kf2 Kg4 80.Bd8 Bd5 81.Be7 Kf5 82.Bd8 g4 83.Bc7 Kg5 84.Bd6 g3+  1/2-1/2

[Event "Gibraltar Masters 2019"]
[Site "Caleta ENG"]
[Date "2019.01.31"]
[Round "10.33"]
[White "Sadhwani,Raunak"]
[Black "Koneru,H"]
[Result "1/2-1/2"]
[WhiteElo "2451"]
[BlackElo "2541"]

1.e4 e5 2.Bc4 Nf6 3.Nc3 Nc6 4.d3 Na5 5.Nge2 c6 6.a4 Nxc4 7.dxc4 Be7 8.O-O O-O
9.Qd3 d6 10.b3 Qc7 11.f4 Rd8 12.Kh1 b6 13.Bb2 Be6 14.Qg3 Kh8 15.Rad1 a6 16.Ba3 Nh5
17.Qf3 Nxf4 18.Nxf4 exf4 19.Qxf4 Rac8 20.Bb2 f6 21.Ne2 d5 22.e5 fxe5 23.Bxe5 Bd6
24.Bxd6 Qxd6 25.Qh4 Rf8 26.cxd5 Rxf1+ 27.Rxf1 Bxd5 28.Qf2 c5 29.Ng3 Be6 30.Qe2 c4
31.b4 h6 32.Rd1 Qc6 33.Qe5 Bh3 34.Qd5 Bg4 35.Qxc6 Rxc6 36.Rd8+ Kh7 37.h3 Be6
38.c3 Bf7 39.Ra8 b5 40.a5 Re6 41.Nf5 Bg6 42.Nd4 Re3 43.Rxa6 Rxc3 44.Rc6 Rb3
45.a6 Rxb4 46.a7 Ra4 47.Nxb5 Be4 48.Re6 Bd5 49.Rd6 Be4 50.Nc3 Ra1+ 51.Kh2 Ba8
52.Rd7 Ra3 53.Rd8 Rxc3 54.Rxa8 Ra3 55.Rc8 Rxa7 56.Rxc4  1/2-1/2

[Event "Gibraltar Masters 2019"]
[Site "Caleta ENG"]
[Date "2019.01.31"]
[Round "10.32"]
[White "Ramirez,Alej"]
[Black "Solozhenkin,E"]
[Result "0-1"]
[WhiteElo "2567"]
[BlackElo "2427"]

1.Nf3 Nf6 2.c4 e6 3.g3 d5 4.b3 d4 5.Bg2 c5 6.e3 Nc6 7.exd4 cxd4 8.O-O Bd6
9.d3 O-O 10.Na3 e5 11.Nc2 Re8 12.Bg5 h6 13.Bxf6 Qxf6 14.Nd2 Bf8 15.a3 a5
16.Rb1 Qg6 17.Qe2 Bg4 18.f3 Bd7 19.Rfe1 h5 20.Rb2 h4 21.Qf2 Rab8 22.g4 Be7
23.Ne4 Nd8 24.f4 Bxg4 25.fxe5 Nc6 26.Nxd4 Nxe5 27.Rd2 Rbd8 28.Qf4 Bxa3 29.Nc2 Nf3+
30.Bxf3 Bxf3+ 31.Kf1 Bxe4 32.dxe4 Rxd2 33.Qxd2 Bc5 34.Qf4 h3 35.Qg3 Qf6+
36.Ke2 Rxe4+ 37.Kd3 Rxe1 38.Nxe1 Qf1+ 39.Ke4 Qe2+ 40.Kd5 Bf2 41.Qxh3 Qe6+  0-1

[Event "Gibraltar Masters 2019"]
[Site "Caleta ENG"]
[Date "2019.01.31"]
[Round "10.31"]
[White "Ju Wenjun"]
[Black "Prithu,Gupta"]
[Result "1/2-1/2"]
[WhiteElo "2575"]
[BlackElo "2462"]

1.d4 Nf6 2.c4 e6 3.g3 d5 4.Nf3 dxc4 5.Bg2 Bb4+ 6.Bd2 a5 7.a3 Bxd2+ 8.Nbxd2 b5
9.b3 cxb3 10.Qxb3 c6 11.O-O O-O 12.Rfc1 Bb7 13.Qb2 Nbd7 14.Ne1 Nd5 15.Nd3 Qb6
16.Rab1 Rfc8 17.Ne4 Ba6 18.Nec5 Nxc5 19.Nxc5 Qd8 20.Qd2 Rcb8 21.e3 b4 22.Bxd5 cxd5
23.axb4 axb4 24.Nxa6 Rxa6 25.Rxb4 Rab6 26.Rxb6 Qxb6 27.h4 h6 28.Qc2 Qb2 29.Qxb2 Rxb2
30.h5 Rb7 31.Rc8+ Kh7 32.Kg2 g6 33.hxg6+ Kxg6 34.Kf3 Rb2 35.Rc7  1/2-1/2

[Event "Gibraltar Masters 2019"]
[Site "Caleta ENG"]
[Date "2019.01.31"]
[Round "10.30"]
[White "Cramling,P"]
[Black "Yuffa,D"]
[Result "0-1"]
[WhiteElo "2462"]
[BlackElo "2578"]


1.Nf3 d6 2.d4 Nf6 3.c4 g6 4.Nc3 Bg7 5.e4 O-O 6.Be2 e5 7.Be3 exd4 8.Nxd4 Re8
9.f3 c6 10.Bf2 d5 11.exd5 cxd5 12.O-O Nc6 13.c5 Nh5 14.Qd2 Be5 15.g3 Ng7
16.Rfe1 Nf5 17.Ncb5 a6 18.Nxf5 Bxf5 19.Nd4 Bh3 20.Nxc6 bxc6 21.Bd4 Qf6 22.Rad1 Kg7
23.Kf2 a5 24.f4 Bxd4+ 25.Qxd4 Rab8 26.Qxf6+ Kxf6 27.Rd2 Rb4 28.a3 Rb3 29.Bd1 Rxe1
30.Bxb3 Rc1 31.Rc2 Rd1 32.Ba4 d4 33.Re2 Rf1+  0-1

[Event "Gibraltar Masters 2019"]
[Site "Caleta ENG"]
[Date "2019.01.31"]
[Round "10.29"]
[White "Mikhalevski,V"]
[Black "Bjerre,Jonas Buhl"]
[Result "0-1"]
[WhiteElo "2581"]
[BlackElo "2422"]

1.c4 c5 2.Nf3 Nc6 3.Nc3 g6 4.e3 Bg7 5.d4 d6 6.Be2 e6 7.O-O cxd4 8.exd4 d5
9.c5 Nge7 10.Bf4 Nf5 11.Bb5 O-O 12.Bxc6 bxc6 13.Re1 f6 14.g4 g5 15.gxf5 gxf4
16.fxe6 Re8 17.Nh4 Bxe6 18.Qh5 Qd7 19.Rxe6 Rxe6 20.Nf5 Qf7 21.Qg4 Qg6 22.h3 Kh8
23.Kg2 Rg8 24.Kf3 Qe8 25.Rg1 Re1 26.Rg2 Re2 27.Qxf4 Rxb2 28.Nd6 Qd7 29.Qg4 f5
30.Qh5 Rf8 31.Ne2 f4 32.Rg4 Qe6 33.Ng1 Bxd4 34.Kg2 Rxf2+ 35.Kh1 Rf1 36.Qg5 Rxg1+  0-1

[Event "Gibraltar Masters 2019"]
[Site "Caleta ENG"]
[Date "2019.01.31"]
[Round "10.28"]
[White "Svane,R"]
[Black "Arizmendi Martinez,J"]
[Result "1/2-1/2"]
[WhiteElo "2594"]
[BlackElo "2506"]

1.Nf3 Nf6 2.g3 d5 3.Bg2 c6 4.O-O Bf5 5.c4 e6 6.cxd5 exd5 7.d3 Be7 8.Qb3 Qb6
9.Qc2 O-O 10.Nc3 Nbd7 11.e4 dxe4 12.dxe4 Bg6 13.Nh4 Ne5 14.Be3 Qa6 15.Rad1 Rad8
16.Nxg6 hxg6 17.Bd4 Nfd7 18.f4 Nc4 19.Qe2 Nc5 20.f5 Nxb2 21.Qxb2 Nd3 22.Rxd3 Qxd3
23.Be5 gxf5 24.Rxf5 Bc5+ 25.Kh1 Bd4 26.Bxd4 Rxd4 27.Rf1 Qd2 28.Qa1 Rc4 29.Rf3 Rd8
30.Bf1 Rc5 31.a4 Rh5 32.h4 Rh6 33.Ne2 Re6 34.Qb1 b6 35.Nf4 Re7 36.Bd3 Qc3
37.Qf1 Qe5 38.Nh3 Rd6 39.Kh2 a6 40.Bxa6 Qxe4 41.Ng5 Qc2+ 42.Kh3 Rd1 43.Qc4 Qxc4
44.Bxc4 Rdd7 45.Rb3 Rb7 46.Bf1 b5 47.axb5 cxb5 48.Bxb5 f6 49.Nf3 Kh8 50.h5 Rec7
51.Nd4 Rc5 52.Be8 Rxb3 53.Nxb3 Rc4 54.Bf7 Rb4 55.Nc5 Rd4 56.Bg6 Rc4 57.Ne4 Ra4
58.Kg4 Ra5 59.Kf4 Kg8 60.Nd6 Kf8 61.Nf5 Re5 62.Nd4 Ra5 63.Ne6+ Kg8 64.Kg4 Ra4+
65.Nf4 Ra5 66.Be4 Rg5+ 67.Kf3 Re5 68.Bd5+ Kh7 69.Bc4 Ra5 70.Bd5 Ra3+ 71.Kg4 Re3
72.Be6 Re5 73.Bf7 Re3 74.Ne6 Ra3 75.Bg6+ Kg8 76.Kf4 Ra5 77.g4 Ra4+ 78.Be4 Ra5
79.Bf5 Ra4+ 80.Ke3 Kf7 81.Nc5 Rb4 82.Kd3 Rf4 83.Ne4 Rf1 84.Bg6+ Ke7 85.Ke2 Ra1
86.Bf5 Ra3 87.Kd2 Ra5 88.Kd3 Ra1 89.Kc4 Rc1+ 90.Kd5 Rd1+ 91.Kc6 Rc1+ 92.Nc5 Rc3
93.Kd5 Re3 94.Nd3 Re2 95.Nb4 Rd2+ 96.Kc5 Rd1 97.Nc6+ Kf7 98.Nd4 Rd2 99.Be6+ Ke7
100.Bd5 Rd1 101.Nf5+ Kf8 102.Nh4 Ke7 103.Ng6+ Kd7 104.Be4 Rc1+ 105.Kd4 Rd1+
106.Ke3 Ra1 107.Bd5 Kd6 108.Bc4 Ra3+ 109.Ke4 Ra4 110.Kd4 Ra1 111.Nf4 Re1
112.Be2 Ra1 113.Ke4 Ra5 114.Bd1 Re5+ 115.Kf3 Re1 116.Bb3 Rb1 117.Bc2 Rb2
118.Bd3 Rb4 119.Ng2 Rd4 120.Be2 Ra4 121.Ne3 Ke7 122.Nf5+ Kf8 123.h6 gxh6
124.Nxh6 Kg7 125.Nf5+ Kg6 126.Ne3 Kg5 127.Bd3 Rf4+ 128.Kg3 Ra4 129.Bf5 Ra3
130.Kf3 Ra4 131.Ke2 Kf4 132.Nd5+ Kg5 133.Ke3 Rxg4 134.Bxg4 Kxg4 135.Nxf6+  1/2-1/2

[Event "Gibraltar Masters 2019"]
[Site "Caleta ENG"]
[Date "2019.01.31"]
[Round "10.27"]
[White "Donchenko,Alexa"]
[Black "Krishna,CRG"]
[Result "1-0"]
[WhiteElo "2604"]
[BlackElo "2469"]

1.Nf3 Nf6 2.g3 d5 3.Bg2 e6 4.c4 Be7 5.O-O O-O 6.b3 c6 7.Bb2 b6 8.Qc2 Bb7
9.Nc3 Nbd7 10.d4 Rc8 11.Rfd1 Qc7 12.e4 Nxe4 13.Nxe4 dxe4 14.Qxe4 c5 15.d5 Nf6
16.Qc2 exd5 17.Be5 Qd7 18.Ng5 g6 19.cxd5 Nxd5 20.h4 Rcd8 21.Bb2 Qc6 22.Ne4 Ba8
23.Rd2 Rd7 24.Re1 Rfd8 25.Qc1 Qc7 26.h5 b5 27.hxg6 hxg6 28.Rd3 c4 29.Qh6 c3
30.Rxc3 Bf8 31.Rxc7 Bxh6 32.Rxd7 Rxd7 33.Nc3 Bg7 34.Rd1 Rd8 35.Nxd5  1-0

[Event "Gibraltar Masters 2019"]
[Site "Caleta ENG"]
[Date "2019.01.31"]
[Round "10.26"]
[White "Harsha,B"]
[Black "Vocaturo,D"]
[Result "1/2-1/2"]
[WhiteElo "2481"]
[BlackElo "2626"]


1.d4 Nf6 2.c4 g6 3.Nc3 Bg7 4.e4 d6 5.h3 O-O 6.Be3 Na6 7.Nf3 c5 8.d5 e6 9.Bd3 exd5
10.exd5 Nb4 11.Bb1 b5 12.a3 Qa5 13.O-O bxc4 14.Bf4 Rd8 15.Re1 Nd3 16.Bxd3 cxd3
17.Qxd3 Qb6 18.Qd2 Bf5 19.g4 Bc8 20.Bg5 Bb7 21.Re7 Rf8 22.Rae1 Rab8 23.Bh6 Qb3
24.Bxg7 Kxg7 25.Ng5 Bc8 26.Qf4 Rb7 27.Rxb7 Bxb7 28.Re7 Bc8 29.Qxd6 Qxb2 30.Qe5 Qd2
31.Nge4 Qd4 32.Qxf6+ Qxf6 33.Nxf6 Kxf6 34.Rxa7 Re8 35.Rc7 h5 36.f3 Ke5 37.Rxc5 hxg4
38.hxg4 Bd7 39.Rc7 Kd6 40.Ra7 f5 41.Ra6+ Kc5 42.Kf2 Kd4 43.Ra7 Rd8 44.Ne2+ Kc5
45.gxf5 gxf5 46.Ra6 Kxd5 47.Nf4+ Ke5 48.Ke3 Rb8 49.Nd3+ Kd5 50.Nb4+ Kc5 51.Ra7 Bc8
52.Rf7 Ra8 53.Rc7+ Kb5 54.Nc2 Kb6 55.Rc3 Bd7 56.Kf4 Ra5 57.Ne3 Be6 58.Kg5 Rc5
59.Rd3 Kc6 60.f4 Ba2 61.Kf6 Bb1 62.Rb3 Rb5 63.Rc3+ Rc5 64.Rxc5+ Kxc5 65.Nxf5 Kc4
66.Ke5 Kb3 67.Nd6 Bh7 68.Nb5 Ka4  1/2-1/2

[Event "Gibraltar Masters 2019"]
[Site "Caleta ENG"]
[Date "2019.01.31"]
[Round "10.25"]
[White "Short,N"]
[Black "Sadzikowski,D"]
[Result "0-1"]
[WhiteElo "2648"]
[BlackElo "2534"]

1.d4 Nf6 2.c4 e6 3.Nf3 d5 4.Nc3 dxc4 5.e4 Bb4 6.Bg5 h6 7.Bxf6 Qxf6 8.Bxc4 c5
9.e5 Qd8 10.O-O cxd4 11.Nxd4 O-O 12.Rc1 Nd7 13.Qe2 Nb6 14.Rfd1 Qg5 15.Bb3 Bd7
16.a3 Be7 17.Qe4 Bc6 18.Nxc6 bxc6 19.f4 Qg4 20.Bc2 g6 21.Rd3 Nd5 22.Rg3 Qh5
23.Ne2 Rfd8 24.Kh1 Bh4 25.Rh3 Qg4 26.Rf1 Rab8 27.b4 c5 28.bxc5 Rb2 29.c6 Qf5
30.Nd4 Qxe4 31.Bxe4 Bf2 32.Nc2 Bb6 33.g4 Nxf4 34.Rxh6 Nd3 35.Bxg6 fxg6 36.Rxg6+ Kh7
37.Rg5 Nf2+  0-1

[Event "Gibraltar Masters 2019"]
[Site "Caleta ENG"]
[Date "2019.01.31"]
[Round "10.24"]
[White "Sethuraman,S"]
[Black "Nguyen,Thai Dai Van"]
[Result "1/2-1/2"]
[WhiteElo "2665"]
[BlackElo "2535"]

1.e4 e5 2.Bc4 Nf6 3.d3 c6 4.Nf3 d5 5.Bb3 Bb4+ 6.Bd2 Bxd2+ 7.Nbxd2 Nbd7 8.O-O O-O
9.Re1 Re8 10.exd5 cxd5 11.c4 d4 12.Ba4 b6 13.b4 Bb7 14.Rc1 Rc8 15.Qb3 h6
16.Qa3 a6 17.c5 bxc5 18.bxc5 Bxf3 19.Bxd7 Nxd7 20.Nxf3 Re6 21.Nd2 Rec6 22.Ne4 Qf8
23.Rc4 Nb6 24.Rc2 Nd5 25.g3 Nf6 26.Nxf6+ gxf6 27.Rec1 Qe7 28.Rc4 Qe6 29.Qb4 Qd5
30.Qd2 Rxc5 31.Rxc5 Rxc5 32.Rxc5 Qxc5 33.Qxh6 Qc6  1/2-1/2

[Event "Gibraltar Masters 2019"]
[Site "Caleta ENG"]
[Date "2019.01.31"]
[Round "10.22"]
[White "Jones,G"]
[Black "Abel,D"]
[Result "1-0"]
[WhiteElo "2691"]
[BlackElo "2458"]

1.c4 c6 2.Nf3 d5 3.g3 Nf6 4.Bg2 Bf5 5.O-O e6 6.cxd5 exd5 7.d3 Be7 8.Qb3 Qb6
9.Qc2 h6 10.Nc3 O-O 11.e4 dxe4 12.dxe4 Bh7 13.Be3 Qa5 14.a3 Re8 15.b4 Qc7
16.Rfe1 Bf8 17.Bf4 Bd6 18.Bxd6 Qxd6 19.Rad1 Qe7 20.Qb3 Na6 21.e5 Nd7 22.Bh3 Nf8
23.Ne4 Bxe4 24.Rxe4 Rad8 25.Rxd8 Rxd8 26.Nd4 g6 27.e6 f6 28.Qc4 Rd6 29.Rg4 Kh7
30.Rh4 Rd5 31.Nxc6 bxc6 32.Qxa6 Rd1+ 33.Kg2 Rd6 34.Rc4 f5 35.Rxc6 Rxe6 36.Kg1 h5
37.Bf1 Qd7 38.Rxe6 Nxe6 39.Qb5 Qe7 40.Qd5 Ng5 41.h4 Nf7 42.b5 Nh6 43.a4 f4
44.Qg5  1-0

[Event "Gibraltar Masters 2019"]
[Site "Caleta ENG"]
[Date "2019.01.31"]
[Round "10.21"]
[White "Muzychuk,M"]
[Black "Jumabayev,R"]
[Result "1/2-1/2"]
[WhiteElo "2540"]
[BlackElo "2604"]

1.e4 c5 2.Nf3 Nc6 3.d4 cxd4 4.Nxd4 Nf6 5.Nc3 d6 6.Bg5 e6 7.Qd2 a6 8.O-O-O Bd7
9.f3 Nxd4 10.Qxd4 Bc6 11.h4 h6 12.Be3 Qc7 13.g4 d5 14.exd5 Nxd5 15.Nxd5 Bxd5
16.Be2 Rc8 17.Rd2 Qa5 18.a3 Bc5 19.Qd3 Bb4 20.Rdd1 Rc3 21.bxc3 Bxc3 22.Rdg1 Ke7
23.Kd1 Rd8 24.Bb6 Qxb6 25.Qxc3 Bxf3+ 26.Kc1 Bxe2 27.g5 Qd4 28.Qxd4 Rxd4 29.h5 Rd5
30.Rh2 Bb5 31.gxh6 gxh6 32.Rg8 Rf5 33.Rh8 Kf6 34.Kd2 Kg7 35.Rd8 Rg5 36.Rh3 e5
37.Rh2 Bc6 38.Rc8 Rg3 39.Rf2 e4 40.Rf4 Rxa3 41.Rc7 Bd5 42.Rd7 e3+ 43.Ke2 Be6
44.Rxb7 Rc3 45.Ra7 Bc4+ 46.Rxc4 Rxc4 47.Kxe3 Rxc2 48.Rxa6 Rc5 49.Kf4 Rxh5
50.Kg4 Rg5+ 51.Kf4 f6 52.Ra7+ Kg6 53.Ra8 h5 54.Rg8+ Kh6 55.Ra8 Kg7 56.Kf3 Rg4
57.Ra5 Kg6 58.Rb5 Rg5 59.Rb4 Rg1 60.Rb8 Rg5 61.Rb4 Rc5 62.Kg3 Kg5 63.Rb8 h4+
64.Kh3 Rc3+ 65.Kh2 f5 66.Rg8+ Kf4 67.Rh8 Kg4 68.Rg8+ Kf3 69.Rh8 Rc4 70.Kh3 Ke2
71.Ra8 Re4 72.Ra5 f4 73.Kxh4 Re3 74.Ra2+ Kf1 75.Ra1+ Kf2 76.Kg4 f3 77.Kh3 Re7
78.Ra2+ Ke3 79.Kg3 Rg7+ 80.Kh2 Rh7+ 81.Kg3 Rg7+ 82.Kh2 Rd7 83.Kg3 Rd3 84.Rf2 Ke4
85.Ra2 Rb3 86.Kf2 Rb4 87.Ra8 Rb2+ 88.Kf1 Rc2  1/2-1/2

[Event "Gibraltar Masters 2019"]
[Site "Caleta ENG"]
[Date "2019.01.31"]
[Round "10.20"]
[White "Antipov,M2"]
[Black "Moussard,J"]
[Result "1/2-1/2"]
[WhiteElo "2589"]
[BlackElo "2605"]

1.Nf3 g6 2.e4 d6 3.d4 Nf6 4.Nc3 Bg7 5.Bf4 c6 6.Qd2 Qa5 7.Bd3 O-O 8.h3 Nbd7
9.O-O e5 10.Be3 Re8 11.dxe5 Nxe5 12.Nxe5 dxe5 13.Nd5 Qxd2 14.Nxf6+ Bxf6 15.Bxd2 Be6
16.Bc3 Bg7 17.b3 f6 18.f4 Rad8 19.fxe5 fxe5 20.Rad1 b5 21.Be2 Bc8 22.a4 a6
23.Ba5 Rxd1 24.Rxd1 Bf8 25.Bb6 Be6 26.Bg4 Bxg4 27.hxg4 Kf7 28.Kf2 Ke6 29.Rh1 Rb8
30.a5 Rb7 31.Ke2 Rf7 32.g3 Bb4 33.Be3 Bd6 34.Rc1 Rb7 35.g5 Be7 36.Rh1 Bb4
37.Rf1 Rf7  1/2-1/2

[Event "Gibraltar Masters 2019"]
[Site "Caleta ENG"]
[Date "2019.01.31"]
[Round "10.19"]
[White "Tari,A"]
[Black "Chandra,Akshat"]
[Result "1/2-1/2"]
[WhiteElo "2625"]
[BlackElo "2492"]

1.c4 e5 2.Nc3 Bb4 3.Nd5 Bc5 4.b4 Be7 5.Bb2 d6 6.e3 Nf6 7.Nxe7 Qxe7 8.Nf3 e4
9.Nd4 O-O 10.b5 c5 11.bxc6 bxc6 12.Be2 c5 13.Nb5 Nbd7 14.d4 a6 15.Na3 Re8
16.Rb1 Nf8 17.Bc3 Ng6 18.h4 h6 19.h5 Nf8 20.Rb6 N6d7 21.Rb2 Ne6 22.Nb1 cxd4
23.Bxd4 Qg5 24.Kf1 Nxd4 25.Qxd4 Nf6 26.Nc3 Bg4 27.g3 Bxe2+ 28.Rxe2 Rac8 29.Rh4 Qc5
30.Nxe4 Qxd4 31.exd4 Nxe4 32.Rhxe4  1/2-1/2

[Event "Gibraltar Masters 2019"]
[Site "Caleta ENG"]
[Date "2019.01.31"]
[Round "10.18"]
[White "Indjic,A"]
[Black "Tan Zhongyi"]
[Result "0-1"]
[WhiteElo "2630"]
[BlackElo "2502"]

1.e4 e5 2.Bc4 Nf6 3.d3 c6 4.Nf3 d5 5.Bb3 a5 6.a4 Bb4+ 7.Bd2 dxe4 8.Ng5 O-O
9.Bxb4 axb4 10.Nxe4 Nxe4 11.dxe4 Qxd1+ 12.Kxd1 Nd7 13.Nd2 Nc5 14.Ke2 Rd8
15.Ke3 Be6 16.Bxe6 Nxe6 17.a5 Ra6 18.Nc4 Nd4 19.Rac1 f6 20.g3 c5 21.c3 bxc3
22.Rxc3 Nb5 23.Rd3 Rxd3+ 24.Kxd3 Nd4 25.Rd1 Kf7 26.Kc3 Ke6 27.b3 g5 28.g4 Ra8
29.h4 gxh4 30.Rh1 Nf3 31.Rh3 Ng5 32.Rxh4 Nxe4+ 33.Kc2 Ng5 34.Rh1 Rd8 35.b4 Rd4
36.Kb3 cxb4 37.Rc1 Ne4 38.Nb6 Nxf2 39.g5 fxg5 40.Rc7 Nd3 41.Rxh7 e4 42.Kc2 e3
43.Rh3 b3+ 44.Kc3 Re4 45.Kxd3 e2  0-1

[Event "Gibraltar Masters 2019"]
[Site "Caleta ENG"]
[Date "2019.01.31"]
[Round "10.17"]
[White "Edouard,R"]
[Black "Gallego Alcaraz,A"]
[Result "1-0"]
[WhiteElo "2643"]
[BlackElo "2502"]

1.Nf3 Nf6 2.c4 g6 3.Nc3 d5 4.cxd5 Nxd5 5.Qb3 Nb6 6.d4 Bg7 7.Bf4 Be6 8.Qa3 O-O
9.e4 c6 10.h4 N8d7 11.h5 Bg4 12.hxg6 hxg6 13.e5 Bxf3 14.gxf3 e6 15.O-O-O Qc7
16.Be3 Rfc8 17.f4 Nd5 18.Kb1 Bf8 19.Qb3 Qb6 20.Qc2 Nxc3+ 21.Qxc3 Qb4 22.Qc2 Bg7
23.Bd3 Qe7 24.Be4 Rc7 25.Rdg1 Re8 26.Bxg6 fxg6 27.Qxg6 Nb6 28.f5  1-0

[Event "Gibraltar Masters 2019"]
[Site "Caleta ENG"]
[Date "2019.01.31"]
[Round "10.16"]
[White "Eljanov,P"]
[Black "Moroni,L"]
[Result "1-0"]
[WhiteElo "2680"]
[BlackElo "2562"]

1.e4 e5 2.Nf3 Nc6 3.Bc4 Bc5 4.d3 Nf6 5.Nc3 d6 6.Na4 Bb6 7.Nxb6 axb6 8.Bg5 h6
9.Bh4 O-O 10.O-O Bg4 11.c3 g5 12.Bg3 Qd7 13.Bb3 Kg7 14.Re1 Nh5 15.h3 Bxf3
16.Qxf3 Nxg3 17.Qxg3 Ne7 18.d4 Ng6 19.Rad1 f6 20.Rd2 Rh8 21.a3 Qe7 22.Bd5 Rab8
23.b4 h5 24.a4 Qd7 25.Bb3 h4 26.Qf3 Rhe8 27.Qd1 Nf4 28.Re3 Rbd8 29.Bc4 Re7
30.Bb5 c6 31.Be2 exd4 32.Rxd4 Re5 33.Bg4 Qe7 34.Bf5 d5 35.c4 Kh6 36.Qd2 Re8
37.cxd5 cxd5 38.exd5 Rxe3 39.fxe3 Qxe3+ 40.Qxe3 Rxe3 41.Kf2 Re2+ 42.Kf1 Re5
43.Be4 f5 44.Bf3 Re7 45.d6 Rd7 46.Bxb7 Rxb7 47.d7 Ne6 48.Rd6 Kh5 49.Rxe6 Rxd7
50.Rxb6 Rd1+ 51.Ke2 Ra1 52.a5 Ra2+ 53.Kd3 Rxg2 54.a6 Ra2 55.Rf6 f4 56.b5 g4
57.Rf5+ Kg6 58.hxg4 h3 59.Ke4 h2 60.Rh5 Ra5 61.Rxh2 Kg5 62.Rh8 Ra4+ 63.Kd5 f3
64.Rf8 Kxg4 65.Kc6 Kg3 66.Kb7 f2 67.Rxf2 Kxf2 68.a7  1-0

[Event "Gibraltar Masters 2019"]
[Site "Caleta ENG"]
[Date "2019.01.31"]
[Round "10.15"]
[White "Gukesh,D"]
[Black "Adhiban,Baskaran"]
[Result "1/2-1/2"]
[WhiteElo "2497"]
[BlackElo "2689"]

1.Nf3 c5 2.c4 Nf6 3.Nc3 e6 4.g3 Nc6 5.Bg2 Be7 6.O-O O-O 7.d4 d5 8.cxd5 Nxd5
9.e4 Ndb4 10.d5 exd5 11.exd5 Nd4 12.Nxd4 cxd4 13.a3 dxc3 14.axb4 Bxb4 15.Qd4 Bd6
16.bxc3 b6 17.Ba3 Re8 18.Bxd6 Qxd6 19.Ra2 Bd7 20.c4 Rec8 21.Ra6 Qb4 22.Qa1 Rxc4
23.Rxa7 Rxa7 24.Qxa7 Qd6 25.Rb1 h6 26.Bf1 Rc8 27.Qxb6 Qxd5 28.Bg2 Qd2 29.h4 Bf5
30.Ra1 Qc3 31.Qa5 Qxa5  1/2-1/2

[Event "Gibraltar Masters 2019"]
[Site "Caleta ENG"]
[Date "2019.01.31"]
[Round "10.14"]
[White "Lagarde,Max"]
[Black "Cheparinov,I"]
[Result "1/2-1/2"]
[WhiteElo "2604"]
[BlackElo "2691"]

1.c4 e6 2.d4 Nf6 3.Nc3 Bb4 4.e3 O-O 5.Bd3 d5 6.cxd5 exd5 7.Ne2 Re8 8.O-O Bd6
9.Bd2 a6 10.Rc1 Nbd7 11.Nf4 c6 12.h3 Nf8 13.Nh5 Ne4 14.Nxe4 dxe4 15.Bc4 g6
16.Ng3 Be6 17.Nxe4 Bxc4 18.Nxd6 Bxf1 19.Nxe8 Bxg2 20.Kxg2 Qxe8 21.Qg4 Rd8
22.Rc5 Nd7 23.Ra5 Nf6 24.Qh4 Qe4+ 25.Qxe4 Nxe4 26.Bb4 f5 27.Re5 Rd7 28.Re8+ Kf7
29.Rb8 Nf6 30.Kf3 g5 31.Ke2 h5 32.f3 Kg6 33.Kd3 g4 34.hxg4 fxg4 35.fxg4 hxg4
36.Be1 Rh7 37.e4 Rh3+ 38.Ke2 Rh2+ 39.Ke3 Rh1 40.Ke2 Nxe4 41.Rxb7 g3 42.Bxg3 Nxg3+
43.Kd3 Rd1+ 44.Kc2 Rxd4 45.Rb6 Rd6 46.Rxa6 Kf6 47.b4 Ke5 48.a4 Ne4 49.Ra8 Rd2+
50.Kc1 Rd4 51.b5 Rc4+ 52.Kd1 Kd4 53.bxc6 Ke3 54.Re8 Rxc6 55.a5 Ra6 56.Kc2 Rxa5
57.Re7 Ra8 58.Rc7 Kd4 59.Rd7+ Kc4 60.Rc7+ Nc5 61.Kd2 Kd4 62.Ke2 Rf8 63.Re7 Rf6
64.Re8 Rf7 65.Rd8+ Nd7 66.Rh8 Nf6 67.Rd8+ Nd5 68.Rd6 Rf8 69.Rd7 Ke4 70.Ra7 Nf4+
71.Kd2 Rd8+ 72.Kc2 Nd5 73.Rh7 Rc8+ 74.Kd2 Ra8 75.Rh4+ Nf4 76.Rg4 Ra2+ 77.Kc3 Rh2
78.Kb3 Rf2 79.Rg8 Kd4 80.Rf8 Rf3+ 81.Kc2 Rc3+ 82.Kd2 Rd3+ 83.Kc2 Nd5 84.Rd8 Rh3
85.Kb2 Rh2+ 86.Kb3 Rg2 87.Rd7 Rg3+ 88.Kc2 Kc4 89.Kd2 Rg2+ 90.Ke1 Kd4 91.Rd8 Ke3
92.Re8+ Kf3 93.Rf8+ Nf4 94.Kd1 Ra2 95.Kc1 Ke3 96.Re8+ Kd4 97.Rd8+ Nd5 98.Kd1 Ke4
99.Kc1 Nb4 100.Re8+ Kd4 101.Rd8+ Kc4 102.Rc8+ Kb3 103.Kd1  1/2-1/2

[Event "Gibraltar Masters 2019"]
[Site "Caleta ENG"]
[Date "2019.01.31"]
[Round "10.88"]
[White "Zuo,Yifan"]
[Black "Whatley,Stephen A J"]
[Result "1-0"]
[WhiteElo "2298"]
[BlackElo "2171"]

1.d4 f5 2.Nf3 Nf6 3.c4 g6 4.g3 Bg7 5.Bg2 O-O 6.Nc3 d6 7.O-O c6 8.d5 e5 9.dxe6 Bxe6
10.b3 Qe7 11.Bb2 Na6 12.Nd4 Bf7 13.Qd2 Nc5 14.Rad1 a5 15.Qc2 Ng4 16.e3 Rae8
17.Kh1 Ne4 18.Nxe4 fxe4 19.h3 Nh6 20.Ne2 Bxb2 21.Qxb2 a4 22.Nc3 axb3 23.axb3 Qd7
24.Kh2 Qf5 25.Rxd6 Qh5 26.Qe2 Qxe2 27.Nxe2 Nf5 28.Rd7 b5 29.Rc1 Be6 30.Rc7 Nd6
31.Nf4 bxc4 32.Rxc6 g5 33.Nxe6 Rxe6 34.bxc4 Ref6 35.c5 Ne8 36.Rxf6 Nxf6 37.c6 Kg7
38.Kg1 Kg6 39.Rc5 Rc8 40.c7 h6 41.Bf1 Ne8 42.Bb5 Kf7 43.Bxe8+ Kxe8 44.Kg2 Kd7
45.f3 Kd6 46.Rc1 Kd5 47.f4 gxf4 48.gxf4 Kd6 49.Kg3 Rxc7 50.Rxc7 Kxc7 51.Kg4 Kd6
52.Kf5  1-0

[Event "Gibraltar Masters 2019"]
[Site "Caleta ENG"]
[Date "2019.01.31"]
[Round "10.89"]
[White "Chinguun,Sumiya"]
[Black "Crespo,E"]
[Result "1-0"]
[WhiteElo "2286"]
[BlackElo "2169"]

1.e4 e5 2.Nf3 Nc6 3.Bc4 Bc5 4.c3 Nf6 5.d3 a6 6.Bb3 Ba7 7.Nbd2 O-O 8.Nf1 d5
9.Qe2 Be6 10.Ng3 h6 11.O-O dxe4 12.dxe4 Bxb3 13.axb3 Qd7 14.Rd1 Qe6 15.b4 Ng4
16.Rf1 Rfd8 17.h3 Nf6 18.Nh4 Ne7 19.Nhf5 Nxf5 20.Nxf5 Rd7 21.Qf3 Kh7 22.g4 Rad8
23.Qg2 Ng8 24.b5 Qb3 25.bxa6 bxa6 26.Rxa6 Rd1 27.Ng3 Bb6 28.Qf3 R8d3 29.Be3 Bxe3
30.fxe3 Rxf1+ 31.Nxf1 Nf6 32.Qf5+ Kh8 33.Ra8+ Ng8 34.Qxe5 Rd6 35.Qh2 Qd1
36.e5 Rg6 37.Qd2 Qb3 38.Qd8 f5 39.Qe8 Kh7 40.e6 Qxe6 41.Qxe6 Rxe6 42.gxf5 Re5
43.Rc8 c5 44.e4 Nf6 45.Nd2 h5 46.Kf2 Kh6 47.Ke3 g5 48.fxg6 Kxg6 49.Kf4 Nd7
50.Rc6+ Kg7 51.Nf3 Re7 52.Rc7 Kf6 53.Nh4 Ke6 54.Rc6+ Kf7 55.Nf5 Re6 56.Rc7 Kf6
57.Rxd7 c4 58.Rd6 h4 59.Rxe6+  1-0

[Event "Gibraltar Masters 2019"]
[Site "Caleta ENG"]
[Date "2019.01.31"]
[Round "10.91"]
[White "Burrows,M"]
[Black "Bliumberg,V"]
[Result "1-0"]
[WhiteElo "2156"]
[BlackElo "2253"]

1.e4 c5 2.Nf3 d6 3.d4 cxd4 4.Nxd4 Nf6 5.Nc3 a6 6.Bc4 e6 7.O-O Be7 8.Bb3 O-O
9.f4 b5 10.e5 dxe5 11.fxe5 Nfd7 12.Qh5 Nc6 13.Nxc6 Qb6+ 14.Be3 Qxc6 15.Kh1 Bb7
16.Rf3 Nc5 17.Rg1 g6 18.Qh6 Qxf3 19.gxf3 Bxf3+ 20.Rg2 Rad8 21.Qf4 Bb7 22.Kg1 Nxb3
23.axb3 Bxg2 24.Kxg2 Rc8 25.Qf2 Rfd8 26.Ne4 Rd5 27.Bd4 Kg7 28.c3 Rcd8 29.Nf6 Bxf6
30.Qxf6+ Kg8 31.Be3 Rd2+ 32.Kf1 Rxb2 33.Qxd8+  1-0